[Event "CYCC U12 w"]
[Site "Ottawa CAN"]
[Date "2013.07.11"]
[Round "4"]
[White "Liu, Jiaxin (Dora)"]
[Black "Tao, Ellen"]
[Result "1/2-1/2"]
[WhiteElo "1711"]
[BlackElo "1099"]
[PlyCount "68"]
[GameId "2160767909326511"]
[EventDate "2013.07.10"]
[EventType "swiss"]
[EventRounds "6"]
[EventCountry "CAN"]

1. d4 d5 2. Nf3 Nf6 3. e3 Bg4 4. Bd3 Nc6 5. Nbd2 e5 6. dxe5 Nxe5 7. Be2 Nxf3+ 8. Bxf3 Bf5 9. O-O Bd6 10. b3 O-O 11. Bb2 Re8 12. Bxf6 Qxf6 13. Bxd5 Be5 14. Rc1 Rad8 15. Bc4 Bc3 16. Bd3 Bxd3 17. cxd3 Rxd3 18. Qc2 Rxd2 19. Qxc3 Qxc3 20. Rxc3 c6 21. a4 Red8 22. h3 h6 23. Rc4 Rb2 24. Rc3 Kf8 25. Kh2 Rdd2 26. Kg3 Ke7 27. Kf3 Kf6 28. Kg3 Kg6 29. Kf3 Kf6 30. Kg3 Kg6 31. e4 Kf6 32. Rf3+ Ke6 33. Re1 Re2 34. Rxe2 Rxe2 1/2-1/2

[Event "CYCC U12 w"]
[Site "Ottawa CAN"]
[Date "2013.07.11"]
[Round "4"]
[White "Ouellet, Maili-Jade"]
[Black "Zhou, Lily"]
[Result "1-0"]
[WhiteElo "1632"]
[BlackElo "1683"]
[PlyCount "141"]
[GameId "2160767909326512"]
[EventDate "2013.07.10"]
[EventType "swiss"]
[EventRounds "6"]
[EventCountry "CAN"]
[SourceTitle "EXT 2022"]
[Source "ChessBase"]
[SourceDate "2021.10.06"]
[SourceVersion "1"]
[SourceVersionDate "2021.10.06"]
[SourceQuality "1"]

1. d4 d5 2. c4 e6 3. Nc3 Nf6 4. Bg5 Be7 5. e3 Nbd7 6. Nf3 O-O 7. cxd5 exd5 8. Bd3 c6 9. Qc2 Re8 10. O-O h6 11. Bf4 Nf8 12. Rab1 a5 13. a3 Ne6 14. Bg3 b5 15. Ne5 Bb7 16. Ne2 Rc8 17. Nf4 Nd7 18. Nxf7 Qb6 19. Nxe6 Kxf7 20. Bg6+ Kg8 21. Bxe8 Nf8 22. Bg6 Nxe6 23. Qf5 Ng5 24. h4 Rf8 25. Qd7 Bf6 26. hxg5 Bc8 27. Qc7 Qxc7 28. Bxc7 Bxg5 29. Bxa5 Bd7 30. Rbc1 Be7 31. Bb6 Rf6 32. Bd3 h5 33. Bc5 Bd8 34. b3 h4 35. a4 h3 36. gxh3 Bxh3 37. Rfd1 Rh6 38. f3 Bg5 39. f4 Bh4 40. axb5 Bg4 41. Rd2 Bg3 42. Rf1 cxb5 43. Bxb5 Re6 44. Be2 Bf5 45. Rf3 Rg6 46. Rxg3 Rxg3+ 47. Kf2 Rh3 48. Bf3 Rh2+ 49. Ke1 Rh3 50. Bxd5+ Kh8 51. e4 Rh1+ 52. Ke2 Bh3 53. e5 Bf1+ 54. Kf3 Rh3+ 55. Ke4 Rg3 56. e6 Bg2+ 57. Ke5 Re3+ 58. Kd6 Bh3 59. e7 g5 60. fxg5 Bf5 61. Bf7 Bg6 62. Bxg6 Rxe7 63. Kxe7 Kg7 64. Bf7 Kh8 65. Kf8 Kh7 66. g6+ Kh6 67. Rg2 Kh5 68. g7+ Kh6 69. Rg6+ Kh5 70. g8=Q Kh4 71. Qh8# 1-0

[Event "CYCC U12 w"]
[Site "Ottawa CAN"]
[Date "2013.07.11"]
[Round "4"]
[White "Paraparan, Varshini"]
[Black "Kaneshalingam, Mathanhe"]
[Result "1/2-1/2"]
[WhiteElo "1525"]
[BlackElo "1481"]
[PlyCount "62"]
[GameId "2160767909326513"]
[EventDate "2013.07.10"]
[EventType "swiss"]
[EventRounds "6"]
[EventCountry "CAN"]
[SourceTitle "EXT 2022"]
[Source "ChessBase"]
[SourceDate "2021.10.06"]
[SourceVersion "1"]
[SourceVersionDate "2021.10.06"]
[SourceQuality "1"]

1. e4 c5 2. c3 d5 3. exd5 Qxd5 4. d4 e6 5. Nf3 Nf6 6. Na3 a6 7. Nc4 Qd8 8. a4 Nc6 9. Be3 cxd4 10. Nxd4 Nxd4 11. Bxd4 Nd5 12. a5 f6 13. Qh5+ g6 14. Qf3 Bg7 15. Nb6 Nxb6 16. Bxb6 Qe7 17. Bc4 O-O 18. O-O Kh8 19. Qe3 Re8 20. Rad1 Bf8 21. Rd3 Qg7 22. Rfd1 e5 23. Rd8 Bf5 24. Rxa8 Rxa8 25. f4 exf4 26. Qxf4 Qe7 27. Qd4 Bc2 28. Rd2 Bf5 29. Re2 Qd6 30. Qxd6 Bxd6 31. Bd4 Kg7 1/2-1/2

[Event "CYCC U12 w"]
[Site "Ottawa CAN"]
[Date "2013.07.11"]
[Round "4"]
[White "Saremi, Yekta"]
[Black "Nguyen, An"]
[Result "0-1"]
[WhiteElo "1349"]
[BlackElo "1235"]
[PlyCount "120"]
[GameId "2160767909326514"]
[EventDate "2013.07.10"]
[EventType "swiss"]
[EventRounds "6"]
[EventCountry "CAN"]

1. e4 c6 2. d4 d5 3. e5 Bf5 4. Nf3 e6 5. Bd3 Bxd3 6. Qxd3 Nd7 7. O-O h6 8. Qb3 Qc7 9. Bd2 c5 10. dxc5 Bxc5 11. Qc3 Ne7 12. b4 Bb6 13. Qxc7 Bxc7 14. Re1 Rc8 15. a4 Bb8 16. Na3 Ng6 17. Rac1 Ndxe5 18. Nxe5 Bxe5 19. c3 O-O 20. h4 Bf4 21. Bxf4 Nxf4 22. Rc2 Nd3 23. Rd1 Ne5 24. Nb5 a6 25. Nd4 Rc4 26. Nb3 b6 27. Rd4 Rfc8 28. Rxc4 Rxc4 29. a5 bxa5 30. Nxa5 Rxh4 31. Nb3 Nd7 32. Kf1 Rc4 33. Ke2 Kf8 34. Kd2 e5 35. f3 Ke7 36. g3 f5 37. Na5 Rc7 38. Ra2 e4 39. f4 g5 40. fxg5 hxg5 41. Nb3 Rc6 42. Ra5 Nb6 43. Rc5 Nc4+ 44. Ke2 Rxc5 45. Nxc5 a5 46. b5 f4 47. gxf4 gxf4 48. Na4 Kd6 49. Kf2 Kc7 50. Ke2 Nb6 51. Nc5 f3+ 52. Kf2 a4 53. Na6+ Kd6 54. Nb4 a3 55. Ke3 Kc5 56. Na2 Kxb5 57. Kd2 Kc4 58. Ke3 Kb3 59. c4 Nxc4+ 60. Kf2 Kxa2 0-1

[Event "CYCC U12 w"]
[Site "Ottawa CAN"]
[Date "2013.07.11"]
[Round "4"]
[White "Zhou, Annika"]
[Black "Lapointe, Cassie"]
[Result "1-0"]
[WhiteElo "1045"]
[BlackElo "962"]
[PlyCount "73"]
[GameId "2160767909326517"]
[EventDate "2013.07.10"]
[EventType "swiss"]
[EventRounds "6"]
[EventCountry "CAN"]
[SourceTitle "EXT 2022"]
[Source "ChessBase"]
[SourceDate "2021.10.06"]
[SourceVersion "1"]
[SourceVersionDate "2021.10.06"]
[SourceQuality "1"]

1. e4 e5 2. Nf3 Nc6 3. Bc4 Nf6 4. O-O d5 5. exd5 Nxd5 6. Re1 Bg4 7. h3 Be6 8. Nxe5 Qg5 9. Bxd5 O-O-O 10. Bxe6+ fxe6 11. Nf7 Qf6 12. Nxd8 Nxd8 13. Nc3 Bc5 14. Ne4 Qf8 15. Nxc5 Qxc5 16. d4 Qf5 17. Re3 Rf8 18. Rf3 Qh5 19. Qd3 Re8 20. Be3 Nc6 21. Re1 Nb4 22. Qb3 a5 23. a3 Qb5 24. axb4 axb4 25. c3 c5 26. dxc5 Qd3 27. Qxb4 e5 28. Qg4+ Kb8 29. c6 bxc6 30. Ba7+ Kxa7 31. Rxd3 Re7 32. Rd7+ Rxd7 33. Qxd7+ Kb6 34. Rxe5 c5 35. Re6+ Ka5 36. Qb7 Ka4 37. Ra6# 1-0

[Event "CYCC U12 w"]
[Site "Ottawa CAN"]
[Date "2013.07.11"]
[Round "4"]
[White "Zhu, Jiarong"]
[Black "Wang, Constance"]
[Result "0-1"]
[WhiteElo "1217"]
[BlackElo "1660"]
[PlyCount "156"]
[GameId "2160767909326518"]
[EventDate "2013.07.10"]
[EventType "swiss"]
[EventRounds "6"]
[EventCountry "CAN"]
[SourceTitle "EXT 2022"]
[Source "ChessBase"]
[SourceDate "2021.10.06"]
[SourceVersion "1"]
[SourceVersionDate "2021.10.06"]
[SourceQuality "1"]

1. e4 c5 2. Nf3 d6 3. d4 cxd4 4. Nxd4 Nf6 5. Nc3 a6 6. h3 e5 7. Nf3 Be7 8. Bd3 O-O 9. O-O b5 10. a3 Bb7 11. Bg5 Nbd7 12. Re1 Nc5 13. Rb1 h6 14. Bxf6 Bxf6 15. Nd5 Re8 16. Nxf6+ Qxf6 17. b4 Na4 18. Qd2 Nb6 19. Rbc1 Rac8 20. Re2 Rc7 21. Qd1 Rec8 22. Qe1 Rc3 23. Ra1 Qe7 24. Rd2 Nc4 25. Bxc4 R8xc4 26. Qd1 Bxe4 27. Rxd6 Bxc2 28. Rd8+ Kh7 29. Qd6 Qxd6 30. Rxd6 f6 31. Rxa6 Ba4 32. Nd2 Rc1+ 33. Rxc1 Rxc1+ 34. Kh2 Ra1 35. Rc6 Rxa3 36. Nb1 Rb3 37. Nc3 Rxb4 38. Nxa4 bxa4 39. Ra6 Kg6 40. f3 Kf5 41. Ra5 Ke6 42. Kg3 Kd6 43. h4 g5 44. hxg5 hxg5 45. Ra6+ Ke7 46. Ra5 Kd7 47. Ra7+ Kc8 48. Ra8+ Kb7 49. Ra5 Kb6 50. Ra8 Kb5 51. Rb8+ Kc4 52. Rc8+ Kb3 53. Rc1 Kb2 54. Re1 a3 55. Re2+ Ka1 56. Re1+ Rb1 57. Re4 a2 58. Ra4 Rb2 59. Ra6 Kb1 60. Rd6 a1=Q 61. Rd1+ Ka2 62. Rxa1+ Kxa1 63. Kg4 Rxg2+ 64. Kf5 Rf2 65. Kxf6 Rxf3+ 66. Kxe5 Ra3 67. Kf5 Ra5+ 68. Kg4 Kb2 69. Kh5 Kc3 70. Kg4 Kd4 71. Kf3 Ra8 72. Kg4 Rg8 73. Kf3 g4+ 74. Kg3 Ke3 75. Kg2 g3 76. Kf1 Kf3 77. Kg1 Rd8 78. Kf1 Rd1# 0-1

[Event "CYCC U12 w"]
[Site "Ottawa CAN"]
[Date "2013.07.12"]
[Round "5"]
[White "Kaneshalingam, Mathanhe"]
[Black "Ouellet, Maili-Jade"]
[Result "1/2-1/2"]
[WhiteElo "1481"]
[BlackElo "1632"]
[PlyCount "92"]
[GameId "2160767909326519"]
[EventDate "2013.07.10"]
[EventType "swiss"]
[EventRounds "6"]
[EventCountry "CAN"]
[SourceTitle "EXT 2022"]
[Source "ChessBase"]
[SourceDate "2021.10.06"]
[SourceVersion "1"]
[SourceVersionDate "2021.10.06"]
[SourceQuality "1"]

1. d4 d5 2. Nf3 Nf6 3. e3 c6 4. Bd3 Bg4 5. c4 Nbd7 6. Qb3 Bxf3 7. gxf3 Qc7 8. Nd2 e6 9. Qc2 Bd6 10. h3 O-O-O 11. c5 Be7 12. f4 h6 13. Rg1 g5 14. Nf3 gxf4 15. exf4 Nh5 16. Qd2 f6 17. Qe3 Rhf8 18. Be2 e5 19. fxe5 fxe5 20. Nxe5 Bg5 21. Rxg5 hxg5 22. Bxh5 Nf6 23. Bg4+ Nxg4 24. hxg4 Rf4 25. f3 Rg8 26. Qd3 Rf6 27. Kd1 b6 28. Qa6+ Kb8 29. b4 Rh6 30. Qd3 Rgh8 31. Kc2 Rh2+ 32. Bd2 Kb7 33. Rb1 Rg2 34. cxb6 axb6 35. a3 Rhh2 36. Rd1 c5 37. bxc5 bxc5 38. Qb5+ Qb6 39. Qxb6+ Kxb6 40. dxc5+ Kxc5 41. a4 Rh3 42. a5 Kd4 43. Nc6+ Kc5 44. Ne5 Kd4 45. Nc6+ Kc5 46. Ne5 Kd4 1/2-1/2

[Event "CYCC U12 w"]
[Site "Ottawa CAN"]
[Date "2013.07.12"]
[Round "5"]
[White "Lapointe, Cassie"]
[Black "Li, Catherine"]
[Result "0-1"]
[WhiteElo "962"]
[BlackElo "1056"]
[PlyCount "36"]
[GameId "2160767909326520"]
[EventDate "2013.07.10"]
[EventType "swiss"]
[EventRounds "6"]
[EventCountry "CAN"]
[SourceTitle "EXT 2022"]
[Source "ChessBase"]
[SourceDate "2021.10.06"]
[SourceVersion "1"]
[SourceVersionDate "2021.10.06"]
[SourceQuality "1"]

1. e4 c5 2. Nf3 d6 3. Nc3 Nf6 4. Bc4 g6 5. e5 dxe5 6. Nxe5 e6 7. f4 Bg7 8. Bb5+ Bd7 9. Bxd7+ Nbxd7 10. Nxd7 Qxd7 11. d3 O-O 12. Be3 b6 13. Qf3 Nd5 14. Bd2 Rad8 15. Rf1 Nxc3 16. Bxc3 Bxc3+ 17. bxc3 c4 18. dxc4 Qd2# 0-1

[Event "CYCC U12 w"]
[Site "Ottawa CAN"]
[Date "2013.07.12"]
[Round "5"]
[White "MacIvor, Kieme"]
[Black "Ellwood, Sophie"]
[Result "1/2-1/2"]
[WhiteElo "878"]
[BlackElo "977"]
[PlyCount "90"]
[GameId "2160767909326521"]
[EventDate "2013.07.10"]
[EventType "swiss"]
[EventRounds "6"]
[EventCountry "CAN"]
[SourceTitle "EXT 2022"]
[Source "ChessBase"]
[SourceDate "2021.10.06"]
[SourceVersion "1"]
[SourceVersionDate "2021.10.06"]
[SourceQuality "1"]

1. e4 e5 2. Qf3 Nc6 3. c3 Nf6 4. Bc4 d6 5. Nh3 Bxh3 6. Qxh3 g6 7. Qf3 Bg7 8. d3 O-O 9. g4 Qd7 10. h3 Ne7 11. g5 Nh5 12. h4 c6 13. Bb3 d5 14. exd5 cxd5 15. c4 dxc4 16. dxc4 b6 17. Nc3 Qf5 18. Qb7 Rfe8 19. Ba4 Qc8 20. Qf3 Rf8 21. Nd5 Nxd5 22. Qxd5 Qd8 23. Bc6 Qxd5 24. cxd5 Rad8 25. b4 e4 26. Rb1 f6 27. b5 f5 28. Ba3 Rf7 29. d6 Be5 30. Bd5 Bc3+ 31. Kf1 Be5 32. Bxf7+ Kxf7 33. Rd1 f4 34. Rh3 Ng7 35. f3 e3 36. Rh2 Ne6 37. h5 Nxg5 38. hxg6+ hxg6 39. Ke2 Rd7 40. Rd5 Ke6 41. Rd1 Nf7 42. Bb4 Bxd6 43. Bxd6 Nxd6 44. Rh6 Kf6 45. Rh4 Kf5 1/2-1/2

[Event "CYCC U12 w"]
[Site "Ottawa CAN"]
[Date "2013.07.12"]
[Round "5"]
[White "Nguyen, An"]
[Black "Paraparan, Varshini"]
[Result "1/2-1/2"]
[WhiteElo "1235"]
[BlackElo "1525"]
[PlyCount "55"]
[GameId "2160767909326522"]
[EventDate "2013.07.10"]
[EventType "swiss"]
[EventRounds "6"]
[EventCountry "CAN"]

1. e4 d6 2. d4 Nf6 3. Nc3 g6 4. h3 Bg7 5. Nf3 O-O 6. Bd3 c6 7. Be3 Nbd7 8. O-O e5 9. dxe5 dxe5 10. a4 Nh5 11. Bc4 Qc7 12. Qd2 Kh8 13. Ng5 Nb6 14. Bxb6 axb6 15. Bxf7 Rxf7 16. Qd8+ Bf8 17. Nxf7+ Qxf7 18. Qxb6 Nf4 19. Qe3 Bh6 20. Qg3 Be6 21. Kh1 Qf6 22. Rad1 Nh5 23. Qh2 Rf8 24. Qg1 Qh4 25. Rd6 Bc4 26. Rfd1 Rxf2 27. Rd8+ Bf8 28. Qh2 1/2-1/2

[Event "CYCC U12 w"]
[Site "Ottawa CAN"]
[Date "2013.07.12"]
[Round "5"]
[White "Tao, Ellen"]
[Black "Saremi, Yekta"]
[Result "0-1"]
[WhiteElo "1099"]
[BlackElo "1349"]
[PlyCount "104"]
[GameId "2160767909326525"]
[EventDate "2013.07.10"]
[EventType "swiss"]
[EventRounds "6"]
[EventCountry "CAN"]
[SourceTitle "EXT 2022"]
[Source "ChessBase"]
[SourceDate "2021.10.06"]
[SourceVersion "1"]
[SourceVersionDate "2021.10.06"]
[SourceQuality "1"]

1. e4 e5 2. Nf3 Nc6 3. Bc4 Bc5 4. O-O Nf6 5. Nc3 d6 6. h3 O-O 7. d3 h6 8. Be3 Bb6 9. Qd2 Nh7 10. Nd5 Be6 11. Nxb6 axb6 12. Bb3 Bxb3 13. axb3 Ne7 14. Nh2 d5 15. Qd1 f5 16. f3 f4 17. Bf2 Ng6 18. Rxa8 Qxa8 19. exd5 Nf6 20. c4 b5 21. Qa1 h5 22. Re1 c6 23. dxc6 bxc6 24. Qa3 Qxa3 25. bxa3 Ra8 26. Ra1 Rd8 27. Rd1 e4 28. cxb5 cxb5 29. Be1 Rxd3 30. Rxd3 exd3 31. a4 bxa4 32. bxa4 Ne7 33. Nf1 Nc6 34. Bd2 g5 35. h4 gxh4 36. Bxf4 Nd5 37. Bd2 Nb6 38. Kf2 Nxa4 39. Ke3 Nc5 40. f4 Kf7 41. Nh2 Kf6 42. Nf3 Kf5 43. Ne1 Kg4 44. Bc3 Ne7 45. Kd4 Ne6+ 46. Kxd3 Nxf4+ 47. Kd2 Neg6 48. Bf6 Kg3 49. Ke3 Nxg2+ 50. Nxg2 Kxg2 51. Bxh4 Nxh4 52. Kf4 Nf3 0-1

[Event "CYCC U12 w"]
[Site "Ottawa CAN"]
[Date "2013.07.12"]
[Round "5"]
[White "Xu, Allyson"]
[Black "Zhu, Jiarong"]
[Result "0-1"]
[WhiteElo "974"]
[BlackElo "1217"]
[PlyCount "214"]
[GameId "2160767909326527"]
[EventDate "2013.07.10"]
[EventType "swiss"]
[EventRounds "6"]
[EventCountry "CAN"]
[SourceTitle "EXT 2022"]
[Source "ChessBase"]
[SourceDate "2021.10.06"]
[SourceVersion "1"]
[SourceVersionDate "2021.10.06"]
[SourceQuality "1"]

1. d4 d5 2. Nf3 Nf6 3. e3 Bf5 4. Be2 e6 5. O-O Bd6 6. b3 O-O 7. Bb2 Nbd7 8. Nc3 h6 9. Bd3 Bg4 10. h3 Bh5 11. Re1 e5 12. Be2 e4 13. Nh4 Bxe2 14. Qxe2 c6 15. Nf5 Bc7 16. Ba3 Re8 17. Rf1 Nb6 18. f3 Qd7 19. fxe4 dxe4 20. Nxh6+ Kh7 21. Ng4 Nxg4 22. Qxg4 Qxg4 23. hxg4 f6 24. Kf2 Kg6 25. Rh1 Nd5 26. Nxd5 cxd5 27. Rab1 Rh8 28. c4 dxc4 29. bxc4 b6 30. c5 bxc5 31. Bxc5 Rhb8 32. Rxb8 Rxb8 33. Re1 Kg5 34. Re2 Kxg4 35. Ke1 a6 36. Kd1 Kg3 37. Ba3 Rh8 38. d5 Rd8 39. Rd2 Bb6 40. Kc2 Bxe3 41. Re2 Kf4 42. d6 Rd7 43. Bb4 Bd4 44. Bd2+ e3 45. Bb4 Be5 46. Bc5 Bxd6 47. Bxe3+ Kf5 48. Rf2+ Ke6 49. Re2 Be5 50. Bf4 Rc7+ 51. Kd1 Rc4 52. Bc1 Kf7 53. Bd2 Rd4 54. Ke1 Bg3+ 55. Kf1 Rh4 56. Kg1 Ra4 57. Bc3 Ra3 58. Bb4 Rd3 59. Re7+ Kg6 60. Kf1 Rd4 61. a3 Bd6 62. Bxd6 Rxd6 63. Ra7 Kf5 64. Kf2 g5 65. Rc7 Rd5 66. Rc6 Ra5 67. Ke2 Rxa3 68. Rc5+ Kg6 69. Kf2 g4 70. Rc4 f5 71. Rc6+ Kg5 72. Rc8 Kf4 73. Rc4+ Ke5 74. Rc5+ Ke6 75. Rc6+ Kd5 76. Rc8 Ra5 77. Rd8+ Ke4 78. Re8+ Kd5 79. Rd8+ Ke4 80. Re8+ Re5 81. Ra8 a5 82. g3 Kd4 83. Rd8+ Kc4 84. Rb8 a4 85. Rc8+ Kb3 86. Rb8+ Ka2 87. Rd8 Rb5 88. Ke3 Rb3+ 89. Kf4 Rf3+ 90. Kg5 a3 91. Rd2+ Kb3 92. Rd8 a2 93. Rb8+ Kc2 94. Ra8 Kb2 95. Rb8+ Rb3 96. Rxb3+ Kxb3 97. Kxf5 a1=Q 98. Kxg4 Qg7+ 99. Kf3 Kc4 100. Kf4 Qg6 101. g4 Kd4 102. g5 Kd5 103. Kg4 Ke4 104. Kh4 Kf4 105. Kh3 Qxg5 106. Kh2 Kf3 107. Kh1 Qg2# 0-1

[Event "CYCC U12 w"]
[Site "Ottawa CAN"]
[Date "2013.07.12"]
[Round "5"]
[White "Yu, Rinna"]
[Black "Gao, Catherine"]
[Result "1-0"]
[WhiteElo "1301"]
[BlackElo "1121"]
[PlyCount "77"]
[GameId "2160767909326528"]
[EventDate "2013.07.10"]
[EventType "swiss"]
[EventRounds "6"]
[EventCountry "CAN"]
[SourceTitle "EXT 2022"]
[Source "ChessBase"]
[SourceDate "2021.10.06"]
[SourceVersion "1"]
[SourceVersionDate "2021.10.06"]
[SourceQuality "1"]

1. e4 e5 2. Nf3 Nc6 3. Nc3 Nf6 4. Bc4 Bb4 5. O-O O-O 6. Re1 d6 7. a3 Ba5 8. b4 Bb6 9. Na4 Nd4 10. Nxb6 Nxf3+ 11. Qxf3 axb6 12. h3 Re8 13. Bb2 Be6 14. Bxe6 Rxe6 15. Qb3 Nh5 16. Re3 Nf4 17. Kh2 h5 18. g3 Ng6 19. h4 Rf6 20. Kg2 Qd7 21. Rf3 Qe7 22. Re1 Re8 23. Ree3 c6 24. Rxf6 Qxf6 25. Rf3 Qe7 26. d3 Qd7 27. Bc1 Kh8 28. Qxf7 Ne7 29. Qxh5+ Kg8 30. Qf7+ Kh8 31. Bg5 d5 32. exd5 cxd5 33. h5 e4 34. dxe4 dxe4 35. Re3 Rc8 36. Qxe7 Qd2 37. h6 Rg8 38. hxg7+ Rxg7 39. Bf6 1-0

[Event "CYCC U12 w"]
[Site "Ottawa CAN"]
[Date "2013.07.12"]
[Round "5"]
[White "Zhou, Annika"]
[Black "Liu, Jiaxin (Dora)"]
[Result "0-1"]
[WhiteElo "1045"]
[BlackElo "1711"]
[PlyCount "82"]
[GameId "2160767909326529"]
[EventDate "2013.07.10"]
[EventType "swiss"]
[EventRounds "6"]
[EventCountry "CAN"]

1. e4 c5 2. Nf3 Nc6 3. d4 cxd4 4. Nxd4 e5 5. Nb3 Nf6 6. Nc3 Be7 7. Be3 O-O 8. f3 Bb4 9. Bc4 Bxc3+ 10. bxc3 d6 11. Qd2 Qe7 12. O-O-O Rd8 13. g4 Be6 14. Bxe6 Qxe6 15. h4 d5 16. exd5 Nxd5 17. Qe1 Nxe3 18. Qxe3 a5 19. Kb2 a4 20. Nc5 Qc4 21. a3 Rxd1 22. Rxd1 Qb5+ 23. Kc1 Na5 24. Nd3 Nc4 25. Qe4 Nxa3 26. Kd2 Nc4+ 27. Ke1 a3 28. Kf1 a2 29. Kg2 a1=Q 30. Rxa1 Rxa1 31. Kg3 Rg1+ 32. Kh3 Qb1 33. Qe2 Rh1+ 34. Qh2 Rxh2+ 35. Kxh2 Qxc2+ 36. Kg3 Qxd3 37. g5 Qf1 38. g6 Qg1+ 39. Kh3 fxg6 40. f4 Ne3 41. f5 Qg2# 0-1

[Event "CYCC U12 w"]
[Site "Ottawa CAN"]
[Date "2013.07.12"]
[Round "5"]
[White "Zhou, Lily"]
[Black "Wang, Constance"]
[Result "1/2-1/2"]
[WhiteElo "1683"]
[BlackElo "1660"]
[PlyCount "122"]
[GameId "2160767909326530"]
[EventDate "2013.07.10"]
[EventType "swiss"]
[EventRounds "6"]
[EventCountry "CAN"]
[SourceTitle "EXT 2022"]
[Source "ChessBase"]
[SourceDate "2021.10.06"]
[SourceVersion "1"]
[SourceVersionDate "2021.10.06"]
[SourceQuality "1"]

1. d4 e6 2. c4 Nf6 3. Nc3 Bb4 4. a3 Bxc3+ 5. bxc3 b6 6. Nf3 Bb7 7. e3 O-O 8. Bd3 d6 9. O-O c5 10. a4 Nc6 11. Re1 Na5 12. Nd2 Ba6 13. Qe2 Qc7 14. Bb2 Rac8 15. Rac1 Qc6 16. f4 Qxa4 17. Rf1 Qc6 18. Rf3 Rc7 19. Rh3 Rfc8 20. Bxh7+ Nxh7 21. Qh5 f6 22. Qxh7+ Kf7 23. Rg3 Rg8 24. h4 Kf8 25. h5 Bb7 26. Qg6 Qe8 27. Qh7 Qf7 28. Rg6 Rd7 29. Kf2 Ke7 30. f5 Rdd8 31. Rh1 Rh8 32. Qxg7 Rdg8 33. Qxf7+ Kxf7 34. fxe6+ Kxe6 35. d5+ Kf7 36. Rxg8 Rxg8 37. Rh4 Bc8 38. Kf3 f5 39. Ba1 Kf6 40. Kf2 Kg7 41. e4 Kh6 42. exf5 Bxf5 43. Bb2 Rg4 44. Rh1 Nxc4 45. Bc1 Kh7 46. h6 Nxd2 47. Bxd2 Be4 48. Rh2 Bxd5 49. Bc1 a5 50. Bd2 b5 51. c4 Bxc4 52. Bxa5 b4 53. Rh1 Bd5 54. Rd1 Rxg2+ 55. Ke3 Rg5 56. Bc7 b3 57. Kd2 Kxh6 58. Bxd6 c4 59. Bf4 Kh5 60. Bxg5 Kxg5 61. Kc3 Be4 1/2-1/2

[Event "CYCC U12 w"]
[Site "Ottawa CAN"]
[Date "2013.07.12"]
[Round "6"]
[White "Gillan, Rahma"]
[Black "Liu, Jiaxin (Dora)"]
[Result "1/2-1/2"]
[WhiteElo "1076"]
[BlackElo "1711"]
[PlyCount "90"]
[GameId "2160767909326531"]
[EventDate "2013.07.10"]
[EventType "swiss"]
[EventRounds "6"]
[EventCountry "CAN"]

1. e4 c5 2. Nf3 Nc6 3. d4 cxd4 4. Nxd4 e5 5. Nf3 Nf6 6. Bg5 Be7 7. Nbd2 O-O 8. Bc4 d6 9. O-O Bg4 10. c3 Bxf3 11. Qxf3 Na5 12. Bd3 h6 13. Bxf6 Bxf6 14. Rad1 Qc7 15. Qg4 Rad8 16. Nf3 Nc6 17. Kh1 Ne7 18. Nh4 Bxh4 19. Qxh4 Ng6 20. Qg3 Nf4 21. Rd2 Qa5 22. Bc4 Qc5 23. Bd5 Nxd5 24. exd5 Qc4 25. Qd3 Qxa2 26. h3 Qa5 27. b4 Qc7 28. Rc1 Qd7 29. c4 b6 30. b5 Rc8 31. Ra2 Ra8 32. Rca1 Qc7 33. Ra4 Qc5 34. Kg1 Qc7 35. Qc2 Rfe8 36. Qe4 Qd7 37. Qe2 Qc7 38. Qa2 Re7 39. Kf1 f5 40. g4 fxg4 41. hxg4 Qd7 42. f3 Rf7 43. Kg2 h5 44. gxh5 Qf5 45. Qa3 Qg5+ 1/2-1/2

[Event "CYCC U12 w"]
[Site "Ottawa CAN"]
[Date "2013.07.12"]
[Round "6"]
[White "Li, Catherine"]
[Black "Zhou, Annika"]
[Result "1-0"]
[WhiteElo "1056"]
[BlackElo "1045"]
[PlyCount "129"]
[GameId "2160767909326534"]
[EventDate "2013.07.10"]
[EventType "swiss"]
[EventRounds "6"]
[EventCountry "CAN"]
[SourceTitle "EXT 2022"]
[Source "ChessBase"]
[SourceDate "2021.10.06"]
[SourceVersion "1"]
[SourceVersionDate "2021.10.06"]
[SourceQuality "1"]

1. e4 c5 2. Nf3 e6 3. d4 cxd4 4. Nxd4 a6 5. Nc3 d6 6. Be3 Nf6 7. f3 Be7 8. Qd2 Bd7 9. g4 b5 10. h4 Nc6 11. O-O-O Rc8 12. h5 b4 13. Nb1 a5 14. g5 Ng8 15. Bb5 Nxd4 16. Bxd7+ Qxd7 17. Bxd4 e5 18. Bxe5 f6 19. gxf6 Nxf6 20. Bxd6 Qxd6 21. Qxd6 Bxd6 22. Rxd6 Nd7 23. f4 Nc5 24. Nd2 O-O 25. f5 Rce8 26. Re1 Rxf5 27. h6 Rg5 28. Nf3 Rg3 29. Nd2 Rc8 30. Kd1 g5 31. e5 Na4 32. e6 Nxb2+ 33. Ke2 Re8 34. Kf2 Rh3 35. e7 Kf7 36. Nf3 g4 37. Ng5+ Kg8 38. Nxh3 gxh3 39. Rd8 Kf7 40. Rxe8 Kxe8 41. Rg1 h2 42. Rh1 Kxe7 43. Rxh2 Nd1+ 44. Ke1 Nc3 45. Rg2 Nxa2 46. Rg7+ Kf6 47. Rxh7 Nc3 48. Ra7 a4 49. h7 a3 50. h8=Q+ Kf5 51. Rxa3 bxa3 52. Qxc3 a2 53. Qa5+ Ke4 54. Qxa2 Ke3 55. Qb3+ Kd4 56. Ke2 Ke4 57. Qc4+ Ke5 58. Kf3 Kf5 59. Qd5+ Kf6 60. Kg4 Kg6 61. Qd6+ Kf7 62. Kg5 Kg7 63. Qe7+ Kh8 64. Kg6 Kg8 65. Qe8# 1-0

[Event "CYCC U12 w"]
[Site "Ottawa CAN"]
[Date "2013.07.12"]
[Round "6"]
[White "Ouellet, Maili-Jade"]
[Black "Paraparan, Varshini"]
[Result "1-0"]
[WhiteElo "1632"]
[BlackElo "1525"]
[PlyCount "69"]
[GameId "2160767909326535"]
[EventDate "2013.07.10"]
[EventType "swiss"]
[EventRounds "6"]
[EventCountry "CAN"]
[SourceTitle "EXT 2022"]
[Source "ChessBase"]
[SourceDate "2021.10.06"]
[SourceVersion "1"]
[SourceVersionDate "2021.10.06"]
[SourceQuality "1"]

1. d4 Nf6 2. c4 g6 3. Nc3 Bg7 4. e4 d6 5. f4 O-O 6. Nf3 c5 7. d5 e6 8. Be2 Nh5 9. O-O exd5 10. cxd5 f5 11. e5 Re8 12. e6 h6 13. Be3 b6 14. Nd2 Na6 15. Bxh5 gxh5 16. Qxh5 Rf8 17. a3 Bb7 18. Rf3 Kh7 19. Rg3 Rf6 20. Nc4 Nc7 21. Rd1 Qe7 22. Bf2 Rg8 23. Ne3 Qf8 24. Rg5 Bh8 25. Rxf5 Rxf5 26. Nxf5 Rg6 27. Nh4 Rg7 28. f5 Rg5 29. Qf3 Rg8 30. Ng6 Qf6 31. Bg3 Ne8 32. Rd2 Ba6 33. Ne4 Qd8 34. e7 Qd7 35. Nf8+ 1-0

[Event "CYCC U12 w"]
[Site "Ottawa CAN"]
[Date "2013.07.12"]
[Round "6"]
[White "Peng, Sarah"]
[Black "MacIvor, Kieme"]
[Result "1-0"]
[WhiteElo "732"]
[BlackElo "878"]
[PlyCount "35"]
[GameId "2160767909326536"]
[EventDate "2013.07.10"]
[EventType "swiss"]
[EventRounds "6"]
[EventCountry "CAN"]
[SourceTitle "EXT 2022"]
[Source "ChessBase"]
[SourceDate "2021.10.06"]
[SourceVersion "1"]
[SourceVersionDate "2021.10.06"]
[SourceQuality "1"]

1. e4 c5 2. Bc4 Nc6 3. Nf3 e5 4. O-O Qf6 5. d3 d5 6. exd5 Nd4 7. Nxd4 Qg6 8. Qf3 exd4 9. Re1+ Ne7 10. d6 f6 11. dxe7 Bxe7 12. Bb5+ Kf8 13. Bd2 Bd6 14. Bf4 Be7 15. Qe2 Bh3 16. Qxe7+ Kg8 17. Bc4+ Qf7 18. Bxf7# 1-0

[Event "CYCC U12 w"]
[Site "Ottawa CAN"]
[Date "2013.07.12"]
[Round "6"]
[White "Saremi, Yekta"]
[Black "Vlasenko, Ksenia"]
[Result "1-0"]
[WhiteElo "1349"]
[BlackElo "1421"]
[PlyCount "31"]
[GameId "2160767909326537"]
[EventDate "2013.07.10"]
[EventType "swiss"]
[EventRounds "6"]
[EventCountry "CAN"]
[SourceTitle "EXT 2022"]
[Source "ChessBase"]
[SourceDate "2021.10.06"]
[SourceVersion "1"]
[SourceVersionDate "2021.10.06"]
[SourceQuality "1"]

1. e4 e6 2. d4 d5 3. e5 c5 4. c3 Nc6 5. Nf3 Qb6 6. Bd3 Bd7 7. Bc2 Rc8 8. O-O f6 9. b3 fxe5 10. Nxe5 Nxe5 11. dxe5 Ne7 12. Be3 Nf5 13. h3 Bc6 14. Qg4 Bd7 15. Bg5 h6 16. Qh5+ 1-0